Statistics for French Caribbean

Click here to take the quiz!

General Stats

  • This quiz has been taken 11 times
  • The average score is 6 of 8

Answer Stats

GroupAnswer% Correct
Overseas departmentsMartinique
91%
Overseas departmentsFrench Guiana
82%
Overseas departmentsGuadeloupe
82%
Overseas collectivitiesSaint Martin
82%
Independent nationsHaiti
73%
Independent nationsDominica
55%
Independent nationsSaint Lucia
55%
Overseas collectivitiesSaint Barthélemy
45%

Score Distribution

Percentile by Number Answered

Percent of People with Each Score

Your Score History

You have not taken this quiz